Statistiques concernant Chiens de fiction en images

Cliquez ici pour prendre le quiz!

Statistiques générales

  • Ce quiz a été pris 285 fois
    (261 depuis la dernière actualisation)
  • Le résultat moyen est 8 sur 20

Statistiques - réponses

Réponse% Correct
Scooby-Doo
97%
Milou
94%
Pluto
93%
Volt
83%
Beethoven
62%
Lassie
57%
Zig-Zag
52%
Arcanin
45%
Gromit
45%
Rex
45%
Pollux
39%
Doug
29%
Max
23%
Crockdur
17%
Cubitus
12%
Cosmo
8%
Kiwi
6%
Sparky
5%
Les Jules
3%
Canigou
2%

Distribution des résultats

Percentile par nombre de réponses

% des personnes avec chaque résultat

Votre développement - résultats

Vous n’avez pas pris ce quiz depuis la dernière actualisation